[Event "FRA-ch Blitz Online Qual"]
[Site "Europe Echecs INT"]
[Date "2020.05.16"]
[Round "15"]
[White "Grosse, Ludovic"]
[Black "Guadalpi, David"]
[Result "0-1"]
[WhiteElo "1958"]
[BlackElo "2272"]
[PlyCount "128"]
[EventDate "2020.05.16"]
[EventType "swiss (blitz)"]
[EventRounds "15"]
[EventCountry "FRA"]
[SourceTitle "CBM 196 Extra"]
[Source "ChessBase"]
[SourceDate "2020.07.31"]
[SourceVersion "1"]
[SourceVersionDate "2020.07.31"]
[SourceQuality "1"]

1. d4 d5 2. Nf3 e6 3. Bf4 Bd6 4. Bg3 Ne7 5. e3 Nf5 6. Bd3 Nxg3 7. hxg3 h6 8. c4 dxc4 9. Bxc4 a6 10. Bd3 c5 11. dxc5 Bxc5 12. Qc2 Qe7 13. Ne5 Nd7 14. Ng4 f5 15. Bxf5 exf5 16. Qxf5 Ne5 17. Qxe5 Bxg4 18. Qf4 Be6 19. Rh5 Qd6 20. Re5 0-0-0 21. Nc3 Qd2+ 22. Kf1 Bd6 23. Ne4 Qd3+ 24. Kg1 Bxe5 25. Rc1+ Kb8 26. Qxe5+ Ka8 27. Qxe6 Rhe8 28. Qb6 Qxe4 29. Rc7 Rc8 30. Rxg7 Qc6 31. Qb3 Rc7 32. Rg4 Qc1+ 33. Kh2 Rec8 34. Rh4 Qc6 35. Qd3 Rd7 36. Qf5 Rd6 37. Re4 Rcd8 38. Qh5 Rd5 39. Qh4 Rh5 40. Qxh5 Qxe4 41. Qxh6 Qf5 42. Qh3 Qxf2 43. g4 Re8 44. g5 Qxe3 45. Qxe3 Rxe3 46. g4 Kb8 47. g6 Re5 48. Kg3 Rg5 49. Kf4 Rxg6 50. Kf5 Rg8 51. g5 Kc7 52. Kf6 Kc6 53. g6 Kc5 54. Kf7 Rc8 55. g7 Kc4 56. g8Q Rxg8 57. Kxg8 Kd3 58. Kf7 Kc2 59. b4 Kc3 60. Ke7 Kxb4 61. Kd6 Ka3 62. Kc7 b5 63. Kb6 b4 64. Kxa6 Kxa2 0-1

[Event "FRA-ch Blitz Online Qual"]
[Site "Europe Echecs INT"]
[Date "2020.05.16"]
[Round "8"]
[White "Guadalpi, David"]
[Black "Bernard, Louis"]
[Result "1-0"]
[WhiteElo "2272"]
[BlackElo "1993"]
[PlyCount "73"]
[EventDate "2020.05.16"]
[EventType "swiss (blitz)"]
[EventRounds "15"]
[EventCountry "FRA"]
[SourceTitle "CBM 196 Extra"]
[Source "ChessBase"]
[SourceDate "2020.07.31"]
[SourceVersion "1"]
[SourceVersionDate "2020.07.31"]
[SourceQuality "1"]

1. e4 e5 2. Nf3 Nc6 3. Bb5 a6 4. Ba4 d6 5. Nc3 Bd7 6. Nd5 g5 7. h3 h6 8. c3 Nf6 9. Nxf6+ Qxf6 10. d4 exd4 11. cxd4 Bg7 12. Be3 0-0 13. Qd2 Rfe8 14. Bc2 Qe7 15. 0-0 Rf8 16. Rfe1 Rae8 17. Rac1 a5 18. a3 Qf6 19. e5 Qe7 20. Qd3 f5 21. exf6 Qxf6 22. Bb3+ Kh8 23. d5 Ne5 24. Nxe5 Qxe5 25. Rxc7 Bf5 26. Qb5 Be4 27. Bd2 Qf6 28. Be3 Qe5 29. Rd1 Qxb2 30. Rxg7 Qxg7 31. Bd4 Re5 32. Bxe5 Qxe5 33. Qxb7 Qf5 34. Qb6 Kh7 35. Qe3 Kg6 36. f3 Bxd5 37. Rxd5 1-0

[Event "FRA-ch Blitz Online Qual"]
[Site "Europe Echecs INT"]
[Date "2020.05.16"]
[Round "14"]
[White "Guadalpi, David"]
[Black "Gretry, Patrice"]
[Result "1-0"]
[WhiteElo "2272"]
[BlackElo "2017"]
[PlyCount "55"]
[EventDate "2020.05.16"]
[EventType "swiss (blitz)"]
[EventRounds "15"]
[EventCountry "FRA"]
[SourceTitle "CBM 196 Extra"]
[Source "ChessBase"]
[SourceDate "2020.07.31"]
[SourceVersion "1"]
[SourceVersionDate "2020.07.31"]
[SourceQuality "1"]

1. e4 e5 2. Nf3 Nc6 3. Bb5 a6 4. Ba4 Nf6 5. Nc3 b5 6. Bb3 Bc5 7. Nd5 Nxe4 8. 0-0 d6 9. Qe2 Nf6 10. d4 Nxd4 11. Nxd4 Bxd4 12. Bg5 Be6 13. Nxf6+ gxf6 14. Bxe6 fxe6 15. Qh5+ Kd7 16. Be3 Bxb2 17. Rad1 Qe7 18. Qf3 Bc3 19. Rd3 b4 20. Rfd1 f5 21. Qb7 Rhb8 22. Rxd6+ Ke8 23. Qc6+ Kf8 24. Rxe6 Qg7 25. Bh6 Rb6 26. Bxg7+ Kg8 27. Qxa8+ Kxg7 28. Rd7# 1-0

[Event "FRA-ch Blitz Online Qual"]
[Site "Europe Echecs INT"]
[Date "2020.05.16"]
[Round "5"]
[White "Joly, Julien"]
[Black "Guadalpi, David"]
[Result "1-0"]
[WhiteElo "2188"]
[BlackElo "2272"]
[PlyCount "56"]
[EventDate "2020.05.16"]
[EventType "swiss (blitz)"]
[EventRounds "15"]
[EventCountry "FRA"]
[SourceTitle "CBM 196 Extra"]
[Source "ChessBase"]
[SourceDate "2020.07.31"]
[SourceVersion "1"]
[SourceVersionDate "2020.07.31"]
[SourceQuality "1"]

1. e4 d6 2. d4 Nf6 3. Nc3 e5 4. Nge2 Nbd7 5. g3 c6 6. Bg2 b5 7. a3 a5 8. 0-0 Ba6 9. b4 Be7 10. h3 0-0 11. Kh2 Qc7 12. f4 Rfe8 13. g4 Nb6 14. g5 Nfd7 15. dxe5 dxe5 16. f5 axb4 17. axb4 Bxb4 18. g6 hxg6 19. fxg6 fxg6 20. Qd3 Na4 21. Nd1 Nf8 22. Qb3+ Ne6 23. Qxb4 Bb7 24. c4 Nac5 25. Rxa8 Rxa8 26. cxb5 cxb5 27. Ne3 Qc6 28. Nd5 Nd3 1-0

[Event "FRA-ch Blitz Online Qual"]
[Site "Europe Echecs INT"]
[Date "2020.05.16"]
[Round "13"]
[White "Nineuil, Vincent"]
[Black "Guadalpi, David"]
[Result "1-0"]
[WhiteElo "1920"]
[BlackElo "2272"]
[PlyCount "69"]
[EventDate "2020.05.16"]
[EventType "swiss (blitz)"]
[EventRounds "15"]
[EventCountry "FRA"]
[SourceTitle "CBM 196 Extra"]
[Source "ChessBase"]
[SourceDate "2020.07.31"]
[SourceVersion "1"]
[SourceVersionDate "2020.07.31"]
[SourceQuality "1"]

1. e4 c5 2. Nf3 Nc6 3. d4 cxd4 4. Nxd4 Nf6 5. Nc3 d6 6. Be2 e5 7. Nb3 Be7 8. 0-0 0-0 9. Be3 Be6 10. Nd5 Nxe4 11. c4 f5 12. Nd2 Nxd2 13. Bxd2 Rc8 14. b4 Nd4 15. Be3 Bxd5 16. cxd5 Nc2 17. Rb1 Nxe3 18. fxe3 Qb6 19. Qd2 Bg5 20. Rb3 f4 21. Kh1 fxe3 22. Qd3 Rxf1+ 23. Bxf1 Qc7 24. Qf5 Rf8 25. Qd3 Qc1 26. Rb1 Qd2 27. Qe2 h6 28. Qg4 Qf2 29. Be2 Qh4 30. Qe6+ Kh7 31. g3 Qe4+ 32. Kg1 Qxb1+ 33. Kg2 Qe4+ 34. Kg1 Qc2 35. Qxd6 1-0

[Event "FRA-ch Accession"]
[Site "Nimes"]
[Date "2018.08.18"]
[Round "1"]
[White "Guadalpi, David"]
[Black "Riff, Jean Noel"]
[Result "0-1"]
[WhiteElo "2289"]
[BlackElo "2510"]
[PlyCount "102"]
[EventDate "2018.08.18"]
[EventType "swiss"]
[EventRounds "9"]
[EventCountry "FRA"]
[SourceTitle "CBM 186 Extra"]
[Source "ChessBase"]
[SourceDate "2018.08.24"]
[SourceVersion "1"]
[SourceVersionDate "2018.08.24"]
[SourceQuality "1"]

1. e4 c5 2. Nf3 d6 3. Bb5+ Nd7 4. 0-0 a6 5. Bd3 Ngf6 6. c3 b5 7. a4 Bb7 8. Re1 c4 9. Bc2 e6 10. axb5 axb5 11. Rxa8 Qxa8 12. Na3 Be7 13. d3 cxd3 14. Qxd3 0-0 15. Qxb5 Nc5 16. Qe2 Ncxe4 17. Nd4 Nc5 18. f3 Ba6 19. Qd1 Nd5 20. Nb3 Qa7 21. Qd4 Bf6 22. Qf2 Rb8 23. Nxc5 dxc5 24. Qg3 g6 25. Be4 Rd8 26. Nc2 Qe7 27. Qf2 Qc7 28. g3 Bg7 29. Ne3 Nb6 30. Bc2 Bb7 31. Be4 c4 32. Ng4 h5 33. Bf4 Qc8 34. Nh6+ Bxh6 35. Bxh6 Na4 36. Be3 f5 37. Bxb7 Qxb7 38. Re2 Rd1+ 39. Kg2 Rb1 40. Bg5 Rxb2 41. Rd2 Rxd2 42. Bxd2 Qd5 43. Bh6 Nc5 44. Qb2 Kh7 45. Qb8 Qb7 46. Qf8 Nd3 47. Bd2 Ne5 48. Bf4 Qxf3+ 49. Kg1 Qd1+ 50. Kg2 Qe2+ 51. Kh3 Qf1+ 0-1

[Event "FRA-chT2 0910"]
[Site "France"]
[Date "2009.11.22"]
[Round "4.2"]
[White "Abello, Sebastien"]
[Black "Guadalpi, David"]
[Result "1/2-1/2"]
[WhiteElo "2285"]
[BlackElo "2320"]
[PlyCount "24"]
[EventDate "2009.09.27"]
[EventType "team-tourn"]
[EventRounds "11"]
[EventCountry "FRA"]
[SourceTitle "EXT 2011"]
[Source "ChessBase"]
[SourceDate "2010.11.26"]
[SourceVersion "1"]
[SourceVersionDate "2010.11.26"]
[SourceQuality "1"]

1. d4 Nf6 2. c4 c6 3. Nc3 d5 4. Nf3 dxc4 5. a4 Bf5 6. Ne5 Nbd7 7. Nxc4 Qc7 8. g3 e5 9. dxe5 Nxe5 10. Bf4 Nfd7 11. Bg2 f6 12. 0-0 Rd8 1/2-1/2

[Event "FRA-chT Top 16 Gp Basse"]
[Site "France"]
[Date "2007.06.01"]
[Round "9.7"]
[White "Roos, Jean Luc"]
[Black "Guadalpi, David"]
[Result "1/2-1/2"]
[WhiteElo "2286"]
[BlackElo "2330"]
[PlyCount "49"]
[EventDate "2007.05.31"]
[EventType "team"]
[EventRounds "11"]
[EventCountry "FRA"]
[SourceTitle "EXT 2008"]
[Source "ChessBase"]
[SourceDate "2007.11.25"]
[SourceVersion "1"]
[SourceVersionDate "2007.11.25"]
[SourceQuality "1"]
[WhiteTeam "Strasbourg"]
[BlackTeam "Marseille"]
[WhiteTeamCountry "FRA"]
[BlackTeamCountry "FRA"]

1. d4 d5 2. c4 c6 3. e3 Nf6 4. Nf3 Bg4 5. Qb3 Qb6 6. Qxb6 axb6 7. Ne5 Bf5 8. a3 e6 9. f3 Nbd7 10. Nxd7 Nxd7 11. Nd2 Bg6 12. Kf2 Be7 13. e4 dxe4 14. Nxe4 0-0 15. Bf4 e5 16. dxe5 Bxe4 17. fxe4 f5 18. Rd1 Nc5 19. h4 fxe4 20. Ke3 Ne6 21. g3 h6 22. Bh3 Nc5 23. h5 Ra4 24. Bf1 Bg5 25. Be2 1/2-1/2

[Event "Paris-ch"]
[Site "Paris"]
[Date "2005.07.14"]
[Round "6"]
[White "Guadalpi, David"]
[Black "Mingachev, Mansur"]
[Result "0-1"]
[WhiteElo "2300"]
[BlackElo "2337"]
[PlyCount "63"]
[EventDate "2005.07.10"]
[EventType "swiss"]
[EventRounds "9"]
[EventCountry "FRA"]
[SourceTitle "CBM 107 Extra"]
[Source "ChessBase"]
[SourceDate "2005.09.01"]
[SourceVersion "1"]
[SourceVersionDate "2005.09.01"]
[SourceQuality "1"]

1. e4 e5 2. Bc4 c6 3. d4 d5 4. exd5 cxd5 5. Bb5+ Bd7 6. Bxd7+ Nxd7 7. dxe5 Nxe5 8. Nf3 Ng6 9. 0-0 Nf6 10. Nc3 Be7 11. Bg5 0-0 12. Bxf6 Bxf6 13. Nxd5 Bxb2 14. Rb1 Ba3 15. Rxb7 Qa5 16. Qd2 Qa6 17. Rd7 Rac8 18. h4 Qa4 19. h5 Nh4 20. Nxh4 Qxh4 21. Qd3 Bc5 22. Qf5 Rc6 23. Rc7 Rxc7 24. Nxc7 Bd6 25. g3 Bxg3 26. fxg3 Qxg3+ 27. Kh1 Qxc7 28. Rd1 Qc4 29. Rd7 Re8 30. Rd1 h6 31. Rf1 Re2 32. Rf3 0-1

[Event "Paris-ch"]
[Site "Paris"]
[Date "2005.07.12"]
[Round "4"]
[White "Guadalpi, David"]
[Black "Spiridonov, Nikola"]
[Result "1/2-1/2"]
[WhiteElo "2300"]
[BlackElo "2381"]
[PlyCount "38"]
[EventDate "2005.07.10"]
[EventType "swiss"]
[EventRounds "9"]
[EventCountry "FRA"]
[SourceTitle "CBM 107 Extra"]
[Source "ChessBase"]
[SourceDate "2005.09.01"]
[SourceVersion "1"]
[SourceVersionDate "2005.09.01"]
[SourceQuality "1"]

1. e4 c6 2. d4 d5 3. Nc3 dxe4 4. Nxe4 Nd7 5. Ng5 Ngf6 6. Bd3 e6 7. N1f3 Bd6 8. Qe2 h6 9. Ne4 Nxe4 10. Qxe4 Nf6 11. Qe2 b6 12. Bd2 Qc7 13. 0-0-0 Bb7 14. Ne5 0-0-0 15. f4 c5 16. dxc5 Bxc5 17. Kb1 h5 18. Rhe1 Ng4 19. Nxg4 hxg4 1/2-1/2

[Event "Paris-ch"]
[Site "Paris"]
[Date "2005.07.10"]
[Round "2"]
[White "Guadalpi, David"]
[Black "Shirazi, Kamran"]
[Result "0-1"]
[WhiteElo "2300"]
[BlackElo "2410"]
[PlyCount "52"]
[EventDate "2005.07.10"]
[EventType "swiss"]
[EventRounds "9"]
[EventCountry "FRA"]
[SourceTitle "CBM 107 Extra"]
[Source "ChessBase"]
[SourceDate "2005.09.01"]
[SourceVersion "1"]
[SourceVersionDate "2005.09.01"]
[SourceQuality "1"]

1. e4 c5 2. Nf3 Nf6 3. Nc3 d5 4. exd5 Nxd5 5. Bb5+ Bd7 6. Ne5 Nf6 7. Nxd7 Nbxd7 8. d4 cxd4 9. Qxd4 a6 10. Ba4 b5 11. Bb3 e6 12. 0-0 Nc5 13. Be3 Qc7 14. Rfd1 Be7 15. Qf4 Qc6 16. Qg3 0-0 17. Bh6 Ne8 18. Bf4 Bf6 19. Be5 b4 20. Ne2 Ne4 21. Qf4 g5 22. Ba4 Qc4 23. Rd4 Qxd4 24. Bxd4 gxf4 25. Bxf6 N8xf6 26. Nxf4 Rac8 0-1

[Event "EU-ch 6th"]
[Site "Warsaw"]
[Date "2005.06.30"]
[Round "12"]
[White "Zawadzka, Beata"]
[Black "Guadalpi, David"]
[Result "1-0"]
[WhiteElo "2311"]
[BlackElo "2317"]
[PlyCount "67"]
[EventDate "2005.06.18"]
[EventType "swiss"]
[EventRounds "13"]
[EventCountry "POL"]
[SourceTitle "CBM 108"]
[Source "ChessBase"]
[SourceDate "2005.09.26"]
[SourceVersion "1"]
[SourceVersionDate "2005.09.26"]
[SourceQuality "1"]

1. d4 Nf6 2. c4 e6 3. Nc3 Bb4 4. f3 d5 5. a3 Bxc3+ 6. bxc3 c6 7. e3 Nbd7 8. Bd3 0-0 9. Ne2 b6 10. cxd5 cxd5 11. 0-0 Bb7 12. Ng3 Qc8 13. Bd2 Ba6 14. Bxa6 Qxa6 15. e4 Rfc8 16. e5 Ne8 17. f4 g6 18. h4 Rc7 19. h5 Ng7 20. Qf3 Qc4 21. Rae1 Nf8 22. Nh1 Rac8 23. Nf2 Qa2 24. Re2 Qxa3 25. Ng4 Nxh5 26. Nh6+ Kg7 27. f5 exf5 28. Nxf5+ gxf5 29. Qxh5 Rc6 30. Qxf5 R8c7 31. e6 fxe6 32. Bh6+ Kxh6 33. Qf6+ Ng6 34. Kf2 1-0

[Event "EU-ch 6th"]
[Site "Warsaw"]
[Date "2005.06.23"]
[Round "6"]
[White "Van der Weide, Karel"]
[Black "Guadalpi, David"]
[Result "1-0"]
[WhiteElo "2472"]
[BlackElo "2317"]
[PlyCount "87"]
[EventDate "2005.06.18"]
[EventType "swiss"]
[EventRounds "13"]
[EventCountry "POL"]
[SourceTitle "CBM 108"]
[Source "ChessBase"]
[SourceDate "2005.09.26"]
[SourceVersion "1"]
[SourceVersionDate "2005.09.26"]
[SourceQuality "1"]

1. e4 e5 2. Nf3 Nc6 3. Bb5 a6 4. Bxc6 dxc6 5. 0-0 Bg4 6. h3 h5 7. d3 Qf6 8. Nbd2 Ne7 9. Re1 Ng6 10. d4 Nf4 11. dxe5 Qg6 12. Nh4 Bxd1 13. Nxg6 Nxg6 14. Rxd1 0-0-0 15. Re1 Nxe5 16. Nf1 Bb4 17. c3 Be7 18. Be3 Nd3 19. Re2 Rhe8 20. Rd1 g6 21. b3 Nc5 22. Rxd8+ Rxd8 23. Bxc5 Bxc5 24. Nd2 Rd3 25. c4 Kd7 26. Nf3 Rd1+ 27. Re1 Rxe1+ 28. Nxe1 Ke6 29. Nd3 Bd4 30. Kf1 Kd6 31. Ke2 Ke6 32. g3 Kd6 33. f4 Ke6 34. Kf3 Ke7 35. e5 Ke6 36. Ke4 Bg1 37. g4 hxg4 38. hxg4 Ke7 39. f5 g5 40. f6+ Ke6 41. Ne1 Bh2 42. Nf3 Bf4 43. Nd4+ Kd7 44. Kf5 1-0

[Event "EU-ch 6th"]
[Site "Warsaw"]
[Date "2005.06.21"]
[Round "4"]
[White "Guadalpi, David"]
[Black "Jaracz, Pawel"]
[Result "0-1"]
[WhiteElo "2317"]
[BlackElo "2530"]
[PlyCount "64"]
[EventDate "2005.06.18"]
[EventType "swiss"]
[EventRounds "13"]
[EventCountry "POL"]
[SourceTitle "CBM 108"]
[Source "ChessBase"]
[SourceDate "2005.09.26"]
[SourceVersion "1"]
[SourceVersionDate "2005.09.26"]
[SourceQuality "1"]

1. d4 Nf6 2. c4 g6 3. Nc3 Bg7 4. e4 d6 5. Nf3 0-0 6. Be2 e5 7. Be3 Nbd7 8. 0-0 c6 9. d5 c5 10. Ne1 Kh8 11. g4 Ng8 12. Qd2 f5 13. exf5 gxf5 14. gxf5 Ndf6 15. Bd3 Ne7 16. Qc2 Qe8 17. Ng2 Qh5 18. f3 Nxf5 19. Bxf5 Bxf5 20. Qd2 Rf7 21. Ne2 Qh3 22. Ng3 Bg6 23. Rae1 Raf8 24. Bg5 Nh5 25. Ne4 Rxf3 26. Rxf3 Rxf3 27. Nxd6 e4 28. Nb5 a6 29. d6 Rd3 30. Qa5 h6 31. Qd8+ Kh7 32. Nc3 hxg5 0-1

[Event "EU-ch 6th"]
[Site "Warsaw"]
[Date "2005.06.20"]
[Round "3"]
[White "Van Wely, Loek"]
[Black "Guadalpi, David"]
[Result "1-0"]
[WhiteElo "2687"]
[BlackElo "2317"]
[PlyCount "147"]
[EventDate "2005.06.18"]
[EventType "swiss"]
[EventRounds "13"]
[EventCountry "POL"]
[SourceTitle "CBM 108"]
[Source "ChessBase"]
[SourceDate "2005.09.26"]
[SourceVersion "1"]
[SourceVersionDate "2005.09.26"]
[SourceQuality "1"]

1. Nf3 c5 2. c4 Nc6 3. d4 cxd4 4. Nxd4 Nf6 5. Nc3 e6 6. a3 Be7 7. e4 0-0 8. Nf3 Qc7 9. Be2 b6 10. 0-0 Bb7 11. Bg5 Rac8 12. Rc1 Qb8 13. Bh4 d6 14. b4 Rfe8 15. Re1 Ne5 16. Nxe5 dxe5 17. Bf1 Rcd8 18. Qb3 Rd4 19. Bg3 Nh5 20. Rcd1 Nxg3 21. hxg3 Red8 22. Rxd4 exd4 23. Na4 Bc6 24. Nb2 Qb7 25. e5 Be4 26. f3 Bc6 27. Bd3 h5 28. b5 Be8 29. Be4 Qc7 30. Nd3 h4 31. g4 Rc8 32. Rc1 Bc5 33. a4 f6 34. exf6 gxf6 35. Qb2 Qg3 36. Nxc5 bxc5 37. Qf2 Kg7 38. Qxg3 hxg3 39. Kf1 Bg6 40. Bxg6 Kxg6 41. Ke2 Rh8 42. a5 Kg5 43. Kd3 f5 44. Re1 Kf6 45. gxf5 Kxf5 46. Rb1 Rh7 47. a6 Ke5 48. b6 axb6 49. Rxb6 Rh1 50. Rc6 Rd1+ 51. Kc2 Ra1 52. Rxc5+ Kd6 53. Rg5 Rxa6 54. Kd3 Ra2 55. Rxg3 e5 56. Rg8 Ra3+ 57. Ke4 Re3+ 58. Kf5 d3 59. Rc8 d2 60. Rd8+ Kc5 61. Rxd2 Kxc4 62. g4 Rxf3+ 63. Kxe5 Rg3 64. Kf4 Rg1 65. g5 Rf1+ 66. Ke5 Rg1 67. Kf6 Rf1+ 68. Kg7 Kc5 69. g6 Rg1 70. Kf7 Rf1+ 71. Kg8 Kc6 72. g7 Rg1 73. Rh2 Kd6 74. Kh7 1-0

[Event "EU-ch 6th"]
[Site "Warsaw"]
[Date "2005.06.18"]
[Round "1"]
[White "Romanishin, Oleg M"]
[Black "Guadalpi, David"]
[Result "1/2-1/2"]
[WhiteElo "2559"]
[BlackElo "2317"]
[PlyCount "111"]
[EventDate "2005.06.18"]
[EventType "swiss"]
[EventRounds "13"]
[EventCountry "POL"]
[SourceTitle "CBM 108"]
[Source "ChessBase"]
[SourceDate "2005.09.26"]
[SourceVersion "1"]
[SourceVersionDate "2005.09.26"]
[SourceQuality "1"]

1. d4 Nf6 2. Nf3 e6 3. g3 d5 4. Bg2 Be7 5. c4 0-0 6. 0-0 dxc4 7. Qc2 a6 8. a4 Bd7 9. Qxc4 Bc6 10. Bg5 Bd5 11. Qd3 c5 12. dxc5 Nbd7 13. Nc3 Nxc5 14. Qe3 Qa5 15. Qf4 Nb3 16. Rad1 Bc6 17. Qc4 Qb4 18. Ne5 Bxg2 19. Kxg2 Rfc8 20. Qxb4 Bxb4 21. Na2 Ba5 22. Nc1 Nxc1 23. Rxc1 Bc7 24. Bxf6 gxf6 25. Nd3 Bd6 26. f4 f5 27. Kf3 Kf8 28. h3 h5 29. Rxc8+ Rxc8 30. Rc1 Rd8 31. Rc3 Ke7 32. Rb3 Rd7 33. Rc3 Rd8 34. Rc4 Rg8 35. Rc1 Rd8 36. Rc3 f6 37. Rb3 Rd7 38. Rc3 Rd8 39. g4 hxg4+ 40. hxg4 fxg4+ 41. Kxg4 Kd7 42. Rc1 Rh8 43. Nf2 Rh2 44. Rf1 Rh8 45. Kf3 Rc8 46. Rd1 Rc6 47. Nd3 Rc7 48. e4 Rc4 49. e5 Be7 50. Rh1 f5 51. Rh7 Kd8 52. Rh8+ Kd7 53. Rb8 Kc7 54. Re8 Kd7 55. Rb8 Kc7 56. Re8 1/2-1/2

[Event "FRA-chT Top 16 GP Basse"]
[Site "Port Barcares"]
[Date "2005.05.04"]
[Round "8"]
[White "Guadalpi, David"]
[Black "Laval, Brice"]
[Result "1-0"]
[WhiteElo "2317"]
[BlackElo "2163"]
[PlyCount "41"]
[EventDate "2005.05.04"]
[EventType "team-tourn"]
[EventRounds "4"]
[EventCountry "FRA"]
[SourceTitle "EXT 2006"]
[Source "ChessBase"]
[SourceDate "2005.11.24"]
[SourceVersion "1"]
[SourceVersionDate "2005.11.24"]
[SourceQuality "1"]
[WhiteTeam "Avignon"]
[BlackTeam "Reims"]
[WhiteTeamCountry "FRA"]
[BlackTeamCountry "FRA"]

1. e4 d6 2. d4 Nf6 3. Nc3 Nbd7 4. Nf3 e5 5. Bc4 Be7 6. 0-0 0-0 7. Re1 c6 8. a4 b6 9. b3 a6 10. Bb2 Qc7 11. Bd3 Re8 12. Ne2 exd4 13. Nfxd4 Bf8 14. Ng3 d5 15. Qd2 c5 16. Ndf5 Bb7 17. Qg5 Kh8 18. exd5 Bxd5 19. Nh5 Nxh5 20. Qxh5 Ne5 21. Nxg7 1-0

[Event "FRA-chT Top 16 GpB"]
[Site "Cannes"]
[Date "2005.04.03"]
[Round "7.7"]
[White "Payen, Arnaud"]
[Black "Guadalpi, David"]
[Result "1-0"]
[WhiteElo "2384"]
[BlackElo "2324"]
[PlyCount "55"]
[EventDate "2005.03.31"]
[EventType "team-tourn"]
[EventRounds "7"]
[EventCountry "FRA"]
[SourceTitle "CBM 105 Extra"]
[Source "ChessBase"]
[SourceDate "2005.05.01"]
[SourceVersion "1"]
[SourceVersionDate "2005.05.01"]
[SourceQuality "1"]
[WhiteTeam "Gonfreville"]
[BlackTeam "Avignon"]
[WhiteTeamCountry "FRA"]
[BlackTeamCountry "FRA"]

1. d4 Nf6 2. c4 e6 3. g3 d5 4. Nf3 dxc4 5. Bg2 a6 6. Ne5 c5 7. Be3 Nd5 8. dxc5 Qa5+ 9. Qd2 Qxd2+ 10. Bxd2 Bxc5 11. Nxc4 Nc6 12. Nc3 0-0 13. Na4 Bd4 14. Bxd5 exd5 15. Ncb6 Rb8 16. Bf4 Be5 17. Bxe5 Nxe5 18. Nxd5 Rd8 19. Nac3 b5 20. 0-0-0 Be6 21. h3 Kf8 22. Nc7 Rxd1+ 23. Rxd1 Bxh3 24. Nxa6 Rb6 25. Nb4 Be6 26. Rd8+ Ke7 27. Rg8 Rd6 28. Rxg7 1-0

[Event "FRA-ch Accession"]
[Site "Val d'Isere"]
[Date "2004.08.22"]
[Round "6"]
[White "Guadalpi, David"]
[Black "Abergel, Thal"]
[Result "0-1"]
[WhiteElo "2329"]
[BlackElo "2442"]
[PlyCount "104"]
[EventDate "2004.08.16"]
[EventType "swiss"]
[EventRounds "11"]
[EventCountry "FRA"]
[SourceTitle "CBM 103 Extra"]
[Source "ChessBase"]
[SourceDate "2005.01.01"]
[SourceVersion "1"]
[SourceVersionDate "2005.01.01"]
[SourceQuality "1"]

1. e4 c5 2. Nf3 d6 3. Bb5+ Nc6 4. 0-0 Bd7 5. Re1 Nf6 6. c3 a6 7. Bf1 Bg4 8. d3 g6 9. Nbd2 Bg7 10. h3 Bxf3 11. Nxf3 Nd7 12. d4 b5 13. d5 Nce5 14. Nh2 Nb6 15. g3 Qc7 16. f4 Ned7 17. Bg2 Rc8 18. Nf3 0-0 19. Re2 a5 20. Qe1 a4 21. a3 Nc4 22. g4 Rb8 23. Kh1 Rfc8 24. Qh4 b4 25. axb4 cxb4 26. Nd4 a3 27. bxa3 Bxd4 28. cxd4 b3 29. Qf2 Qa5 30. f5 Qc3 31. Bb2 Nxb2 32. Rxb2 Nb6 33. Rf1 f6 34. fxg6 hxg6 35. e5 dxe5 36. dxe5 Nc4 37. Re2 b2 38. d6 Nxe5 39. dxe7 b1Q 40. Bd5+ Nf7 41. e8Q+ Rxe8 42. Rxe8+ Kg7 43. Rxb1 Qxh3+ 44. Kg1 Rxb1+ 45. Re1 Qxg4+ 46. Bg2 Rb3 47. Re3 Qd1+ 48. Bf1 Rb1 49. Qe2 Qc1 50. Qf2 Ra1 51. Qf3 Qc5 52. Kh2 Rxf1 0-1

[Event "Dresden ZMD op"]
[Site "Dresden"]
[Date "2004.07.20"]
[Round "6"]
[White "Schwenke, Markus"]
[Black "Guadalpi, David"]
[Result "1-0"]
[WhiteElo "2080"]
[BlackElo "2329"]
[PlyCount "81"]
[EventDate "2004.07.15"]
[EventType "tourn"]
[EventRounds "9"]
[EventCountry "GER"]
[SourceTitle "EXT 2006"]
[Source "ChessBase"]
[SourceDate "2005.11.24"]
[SourceVersion "1"]
[SourceVersionDate "2005.11.24"]
[SourceQuality "1"]

1. e4 c5 2. c4 Nc6 3. g3 g6 4. Bg2 Bg7 5. Ne2 d6 6. 0-0 e6 7. Nbc3 Nge7 8. a3 0-0 9. Rb1 b6 10. b4 Bb7 11. d3 Qd7 12. Be3 Nd4 13. Qd2 Rac8 14. Bh6 Nxe2+ 15. Nxe2 Bxh6 16. Qxh6 d5 17. cxd5 exd5 18. Nf4 Rfd8 19. h4 dxe4 20. dxe4 Qd4 21. h5 Qe5 22. hxg6 hxg6 23. Nh3 cxb4 24. axb4 Qg7 25. Qg5 Nc6 26. e5 Ba8 27. Rfe1 Re8 28. e6 Nd4 29. exf7+ Qxf7 30. Nf4 Kh7 31. Rxe8 Rxe8 32. Bxa8 Rxa8 33. Kg2 Qb7+ 34. Nd5 Ne6 35. Rh1+ Kg8 36. Qxg6+ Ng7 37. Qe4 Rb8 38. Rh4 a5 39. Rg4 Qf7 40. Ne7+ Kf8 41. Rf4 1-0

[Event "Dresden ZMD op"]
[Site "Dresden"]
[Date "2004.07.16"]
[Round "2"]
[White "Langer, Wolfgang2222"]
[Black "Guadalpi, David"]
[Result "0-1"]
[WhiteElo "2051"]
[BlackElo "2329"]
[PlyCount "52"]
[EventDate "2004.07.15"]
[EventType "tourn"]
[EventRounds "9"]
[EventCountry "GER"]
[SourceTitle "EXT 2006"]
[Source "ChessBase"]
[SourceDate "2005.11.24"]
[SourceVersion "1"]
[SourceVersionDate "2005.11.24"]
[SourceQuality "1"]

1. d4 Nf6 2. g3 d5 3. Bg2 Bf5 4. c4 c6 5. cxd5 cxd5 6. Nc3 Nc6 7. Nf3 e6 8. 0-0 Be7 9. Bg5 0-0 10. e3 Rc8 11. Rc1 h6 12. Bxf6 Bxf6 13. Qa4 Qb6 14. Qb3 Qxb3 15. axb3 Nb4 16. Ra1 a6 17. Ne1 Rc7 18. Bf3 Rd8 19. Kg2 g5 20. Be2 e5 21. Ra4 exd4 22. exd4 Nc6 23. Bf3 Rcd7 24. g4 Bg6 25. Ne2 Re7 26. b4 Rde8 0-1

[Event "FRA-chT Poule Basse"]
[Site "Belfort"]
[Date "2004.05.10"]
[Round "10"]
[White "Guadalpi, David"]
[Black "Schenk, Andreas"]
[Result "1/2-1/2"]
[WhiteElo "2274"]
[BlackElo "2499"]
[PlyCount "87"]
[EventDate "2004.05.08"]
[EventType "team-tourn"]
[EventRounds "4"]
[EventCountry "FRA"]
[SourceTitle "EXT 2005"]
[Source "ChessBase"]
[SourceDate "2004.11.15"]
[SourceVersion "1"]
[SourceVersionDate "2004.11.15"]
[SourceQuality "1"]
[WhiteTeam "Strasbourg"]
[BlackTeam "Bischwiller"]
[WhiteTeamCountry "FRA"]
[BlackTeamCountry "FRA"]

1. e4 c5 2. Nf3 d6 3. d4 cxd4 4. Nxd4 Nf6 5. Nc3 a6 6. Be2 e6 7. 0-0 Be7 8. f4 0-0 9. Kh1 Qc7 10. a4 Nc6 11. Be3 Re8 12. Nb3 b6 13. Bf3 Rb8 14. Qe1 Bf8 15. Qf2 Nd7 16. Nd4 Bb7 17. Bh5 Nxd4 18. Bxd4 Bc6 19. Rae1 b5 20. axb5 axb5 21. Qh4 b4 22. Nd1 Qd8 23. Qg3 Nf6 24. Bf3 Rc8 25. c3 bxc3 26. bxc3 Bb5 27. Rf2 g6 28. Ne3 Bg7 29. e5 dxe5 30. fxe5 Nd7 31. Rb1 Bd3 32. Rd1 Bb5 33. Qf4 Qe7 34. Ng4 Qf8 35. Rb2 Bc4 36. Rb7 Red8 37. Be3 Qe8 38. Rd4 Ba6 39. Ra7 Bb5 40. c4 Bc6 41. Bxc6 Rxc6 42. Qg5 Rcc8 43. Nh6+ Kh8 44. Ng4 1/2-1/2